01314cam a2200361 i 4500003000400000005001700004008004100021016002000062020003100082020002800113020002600141035002400167040002300191042000800214082002200222130003800244245009900282264003800381300004600419336002600465337002800491338002700519490004100546504005100587650002500638650003700663650002100700700005600721830004200777942001200819999001700831952010400848OSt20240530110426.0130708s2014 nyua f b 001 0 eng c7 a1016214922DNLM a9781461481263 (alk. paper) a1461481260 (alk. paper) z9781461481270 (eBook) a(OCoLC)ocn843859214 aEG-CaGPLcEG-CaGPL apcc04221a616.075\bH M0 aMolecular diagnostics (Highsmith)10aMolecular diagnostics :b12 tests that changed everything /cW. Edward Highsmith, Jr., editor. 1aNew York :bHumana Press,c[2014] axiii, 257 pages :billustrations ;c24 cm atextbtxt2rdacontent aunmediatedbn2rdamedia avolumebnc2rdacarrier1 aMolecular and translational medicine aIncludes bibliographical references and index. 0aMolecular diagnosis.12aMolecular Diagnostic Techniques.22aGenetic Testing.1 aHighsmith, W. Edward,cJr.,eeditor of compilation. 0aMolecular and translational medicine. 2ddccBK c60755d60755 00102ddc4070aCAIbCAId2015-03-24l0o616.075\ H Mp159867r2015-03-24 00:00:00w2015-03-24yBK